| 000 | 01199nam a2200277 c 4500 | ||
|---|---|---|---|
| 999 |
_c343580 _d343580 |
||
| 003 | BLK | ||
| 005 | 20200422085626.0 | ||
| 008 | 180911b bul|||||r ||||||| ||bul|| | ||
| 010 | _a003241 | ||
| 040 | _aBLK | ||
| 041 |
_aDEU _cBUL |
||
| 080 | _z830.09 | ||
| 100 | 1 |
_aHEINZE, Paul et al. _eпърви автор _912690 |
|
| 245 | 0 | 0 | _aDeutsche Poetik |
| 246 | _aUmrik der Lehre vom Wesen und von den Formen der Dichtkunst | ||
| 260 |
_aDresden-Strieten _bPaul Heinze`s Verlag _c1891 |
||
| 300 |
_a160 с _c21 см |
||
| 380 | _a82 | ||
| 490 |
_aЧастна колекция - Академик Михаил Арнаудов _gДарение - Основен фонд |
||
| 500 | _aДатиране на книгата : Andreai D. Protitsch 19. I. 97. Dresden.Книгата е поставена в плик, върху който има бележки за заглавия на издания, в които е публикувал М. Арнаудов; | ||
| 655 |
_aЛитературознание _9396446 |
||
| 700 | 1 |
_aPaul Heinze и Rudolf Goette _9399396 |
|
| 852 |
_aМА 2981 _bМА |
||
| 942 |
_cKNG _n0 _s1 |
||
| 944 |
_aCR _c1994 |
||
| 999 | _d343580 | ||
| 999 | _d343580 | ||